000140756 001__ 140756
000140756 005__ 20240827154403.0
000140756 037__ $$aGDOC-2022-25666
000140756 041__ $$aspa
000140756 041__ $$aeng
000140756 100__ $$1458164$$aRaúl Marqués, Millán
000140756 24500 $$925666$$aEjercicio físico y salud
000140756 24200 $$925666$$aPhysical activity and Health
000140756 260__ $$aZaragoza$$bUniversidad de Zaragoza$$c2022-2023
000140756 521__ $$9108$$aGraduado en Fisioterapia$$bDegree in Physiotherapy
000140756 540__ $$aby-nc-sa$$bCreative Commons$$c3.0$$uhttp://creativecommons.org/licenses/by-nc-sa/3.0/
000140756 700__ $$1648137$$aAlejandro José Moreno, Calvo
000140756 830__ $$9605
000140756 8564_ $$s32071$$uhttps://zaguan.unizar.es/record/140756/files/guia-25666-es.pdf$$yGuía (idioma español)
000140756 970__ $$aGDOC-2022-25666
000140756 980__ $$aGDOC$$bHealth Sciences$$bCiencias de la Salud$$c127